Dissertationes Theologiacae ad Normam Publicarum Praelectionum Accommodatae: Cum facultate Superiorum. Tom. I.

Podrobná bibliografia
Hlavný autor: Becker, Clement (Autor)
Ďalší autori: Belnai, Juraj Alojz, 1765-1809 (Tlačiar)
Médium: Kniha
Jazyk:latinčina
Fyzický popis:XII, 392 s. 18 cm
Vydavateľské údaje: Posonii Typis Georgii Aloysii Belnay MDCCCIII. [=1803]
Vydanie:Editio secunda
Predmet:

MARC

LEADER 00000nam a2200000 a 4500
001 vtls001454157
003 SK-MaSNL
005 20260301203213.0
008 240226s1803 xo lat
015 |a SNBHFA 
035 |a SNK000409464 
035 |a 19039041-05D0-4A87-9DC5-BC3EAB8904B5 
035 |a urn:nbn:sk:snk-am00ik7e 
040 |a SNK  |b slo  |c SNK  |e AACR2 
041 0 |a lat 
044 |a xo  |c SK 
072 7 |a 2-1  |x Prirodzená teológia. Náboženská filozofia  |2 konspekt 
080 |a 2-1  |2 2011 
100 1 |a Becker, Clement  |4 aut  |9 586360 
245 1 0 |a Dissertationes Theologiacae ad Normam Publicarum Praelectionum Accommodatae: Cum facultate Superiorum.  |n Tom. I.  |c Authore Clemente Becker, Soc. Jesu Presbytero, & apud Monasterienses Westph. Paulino in Gymnasio Theologiaeac Ss. Canonum Professore 
250 |a Editio secunda 
260 |a Posonii  |b Typis Georgii Aloysii Belnay  |c MDCCCIII. [=1803] 
300 |a XII, 392 s.  |c 18 cm 
650 0 7 |a teológia  |2 SNKPH  |9 1814 
700 1 |a Belnai, Juraj Alojz,  |d 1765-1809  |4 prt  |9 219598 
752 |a Slovensko  |d Bratislava 
852 |a Slovenská národná knižnica 
958 |a ONDV 
958 |a DF 
999 |c 901739  |d 903669 
952 |t P60, <03>, [BOOK], {603}  |a SNK  |b SNK  |y PREZ  |7 0  |p 17A0383766  |o snkSC 18367/1-2  |i snkKSF 398/59  |8 5  |0 0  |1 0  |4 0  |d 2003-05-28  |f 1  |l 0  |r 2025-07-25 00:00:00  |w 2026-02-24 
952 |t P60, <04>, [BOOK], {604}  |a SNK  |b SNK  |y VYP  |7 0  |p 17A0383771  |o snkSC 18367/1-2 D1  |i snkK 3467/66  |0 0  |1 0  |4 0  |d 2003-05-28  |l 0  |r 2005-01-02 00:00:00  |w 2026-02-24 
952 |t P60, <04>, [BOOK], {604}  |a SNK  |b SNK  |y VYP  |7 0  |p 17A0383671  |o snkSC 18367/1-2 D3  |i snkF 2804/84  |0 0  |1 0  |4 0  |d 2003-05-28  |l 0  |r 2005-01-02 00:00:00  |w 2026-02-24